ARRUPE JESUIT UNIVERSITY

CORONAVIRUS -STOP THE SPREAD - CLEAN,DISINFECT,COVER
Normal view MARC view

Entry Personal Name

Number of records used in: 1

001 - CONTROL NUMBER

  • control field: 38376

003 - CONTROL NUMBER IDENTIFIER

  • control field: ARRUPE

005 - DATE AND TIME OF LATEST TRANSACTION

  • control field: 20180111120719.0

008 - FIXED-LENGTH DATA ELEMENTS

  • fixed length control field: 180111|| aca||aabn | a|a d

040 ## - CATALOGING SOURCE

  • Original cataloging agency: ARRUPE
  • Transcribing agency: ARRUPE

100 ## - HEADING--PERSONAL NAME

  • Personal name: Galilei, Galileo,
  • Dates associated with a name: 1564-1642.
  • Title of a work: Dialogo dei massimi sistemi.

670 ## - SOURCE DATA FOUND

  • Source citation: Work cat.: (ARRUPE)0: Finocchiaro, Maurice A., 1942- 38375, The Routledge guidebook to Galileo's Dialogue /, 2013

 

Arrupe Library. PO Box MP320 Mt Pleasant, Harare, Zimbabwe
263 242 745411|librarian@aju.ac.zw